Industrial engineering mangement science : (Record no. 131759)

MARC details
000 -LEADER
fixed length control field 00663nam a22002177a 4500
005 - DATE AND TIME OF LATEST TRANSACTION
control field 20170124110140.0
010 ## - LIBRARY OF CONGRESS CONTROL NUMBER
LC control number A-370907
020 ## - INTERNATIONAL STANDARD BOOK NUMBER
Terms of availability 30.00
035 ## - SYSTEM CONTROL NUMBER
System control number A-370907
037 ## - SOURCE OF ACQUISITION
Source of stock number/acquisition Cen Lib/Ret
040 ## - CATALOGING SOURCE
Original cataloging agency DPL
Language of cataloging EN
082 ## - DEWEY DECIMAL CLASSIFICATION NUMBER
Classification number 621.8
Item number JAI
100 ## - MAIN ENTRY--PERSONAL NAME
Personal name Jain, K.C.
9 (RLIN) 32686
245 ## - TITLE STATEMENT
Title Industrial engineering mangement science :
Statement of responsibility, etc by K.C.Jain
Remainder of title general mechanical engineering /
260 ## - PUBLICATION, DISTRIBUTION, ETC. (IMPRINT)
Name of publisher, distributor, etc Khanna Publishers
Place of publication, distribution, etc Delhi
270 ## - ADDRESS
Address 2-B, Nath Market, Nai Sarak
City Delhi
Postal code 110006
300 ## - PHYSICAL DESCRIPTION
Extent 485p.
Dimensions 21cm(Hb)
650 ## - SUBJECT ADDED ENTRY--TOPICAL TERM
Topical term or geographic name as entry element Production planning and control
9 (RLIN) 32687
650 ## - SUBJECT ADDED ENTRY--TOPICAL TERM
Topical term or geographic name as entry element Fluid engineering
9 (RLIN) 32688
942 ## - ADDED ENTRY ELEMENTS (KOHA)
Source of classification or shelving scheme Dewey Decimal Classification
Koha item type English Books
Classification part 621.8
Call number suffix JAI
Holdings
Withdrawn status Lost status Damaged status Not for loan Home library Current library Date acquired Source of acquisition Cost, normal purchase price Total Checkouts Full call number Barcode Date last seen Copy number Cost, replacement price Price effective from Koha item type
        Central Library Central Library 15/07/2015 Cen Lib/Ret 30.00   621.8 JAI A-370907 15/07/2015 1 30.00 15/07/2015 English Books

© Delhi Public Library
Hit Counter
free hit counter